Name a Sea or Lake A-Z - Statistics

General Stats
  • This quiz has been taken 659 times
    590 since last reset
  • The average score is 16 of 21
Answer Stats
Letter Answer % Correct
B Lake Baikal | Lake Balkhash | Baffin Bay | Bay of Bengal | Bay of Biscay | Gulf of Boni | Gulf of Bothnia | Balearic Sea | Baltic Sea | Banda Sea | Barents Sea | Beaufort Sea | Bering Sea | Bismarck Sea | Black Sea
99%
A Lake Albert | Lake Athabasca | Arctic Ocean | Atlantic Ocean | Gulf of Aden | Gulf of Alaska | Gulf of Anadyr | Gulf of Aqaba | Aegean Sea | Adriatic Sea | Alboran Sea | Andaman Sea | Arabian Sea | Arafura Sea | Sea of Azov
98%
M Lake Michigan | Lake Malawi | Lake Mweru | Gulf of Maine | Gulf of Mexico | Mediterranean Sea | Molukkla Sea | Sea of Marmara
96%
S Lake Superior | San Francisco Bay | Gulf of St. Lawrence | Gulf of Suez | Salish Sea | Savu Sea | Solomon Sea | South China Sea | Sulu Sea
94%
C Caspian Sea | Caribbean Sea | Gulf of California | Gulf of Carpentaria | Caribbean Sea | Celebes Sea | Celtic Sea | Ceram Sea | Chukchi Sea | Coral Sea
93%
I Issyk-Kul | Indian Ocean | Ionian Sea | Irish Sea
91%
P Pacific Ocean | Gulf of Panama | Persian Gulf | Pechora Sea | Philippine Sea
90%
E Lake Erie | East China Sea | East Siberian Sea
86%
N Lake Nettilling | Lake Nicaragua | North Sea | Norwegian Sea
86%
O Lake Ontario | Lake Onega | Gulf of Oman | Sea of Okhotsk
85%
T Lake Tanganyika | Lake Turkana | Lake Titicaca | Tokyo Bay | Gulf of Thailand | Gulf of Tomini | Gulf of Tonkin | Tasman Sea | Timor Sea | Tyrrhenian Sea
83%
H Lake Huron | Hudson Bay | Halmahera Sea
78%
V Lake Victoria | Lake Vänern | Lake Vostok
77%
J Java Sea | Sea of Japan
76%
R Lake Rukwa | Reindeer Lake | Gulf of Riga | Red Sea
76%
Y Yellow Sea
74%
G Great Bear Lake | Great Slave Lake | Gulf of Guinea | Great Australian Bight | Greenland Sea
66%
W Lake Winnipeg | Lake Winnipegosis | White Sea | Weddell Sea
60%
F Bay of Fundy | Gulf of Finland | Flores Sea
51%
L Lake Ladoga | Labrador Sea | Laccadive Sea | Laptev Sea | Ligurian Sea
50%
K Kara Sea
25%
No matching quizzes found
Score Distribution
Percent of People with Each Score
Percentile by Number Answered
Your Score History
You have not taken this quiz since the last reset